[Event "PRO League Group Stage"]
[Site "chess.com INT"]
[Date "2017.02.22"]
[Round "7"]
[White "Colas, Joshua"]
[Black "Ynojosa Aponte, Felix Jose"]
[Result "0-1"]
[WhiteTitle "FM"]
[BlackTitle "IM"]
[WhiteElo "2328"]
[BlackElo "2399"]
[WhiteTeam "Webster Windmills"]
[BlackTeam "Rio Grande Ospreys"]
[WhiteFideId "2044447"]
[BlackFideId "3900258"]
[EventDate "2017.01.11"]

1. d4 Nf6 2. c4 e6 3. Nc3 d5 4. cxd5 exd5 5. Bg5 c6 6. e3 Bd6 7. Bd3 O-O 8. Nge2
h6 9. Bh4 Re8 10. Bg3 Be6 11. O-O a6 12. a3 Bf8 13. h3 Nbd7 14. Nf4 Rc8 15. Rc1
b5 16. Nxe6 Rxe6 17. Bf5 Re8 18. Ne2 g6 19. Bb1 Qb6 20. Nf4 b4 21. axb4 Qxb4 22.
Nd3 Qb5 23. Qc2 Ne4 24. Bh2 Bd6 25. Bxd6 Nxd6 26. Nf4 Ne4 27. f3 Nef6 28. e4
dxe4 29. fxe4 Rxe4 30. Qf2 Ree8 31. Bd3 Qg5 32. h4 Qg4 33. Be2 Qf5 34. Bd3 Qg4
35. Be2 Qf5 36. Bd3 Ne4 37. Qc2 Ndf6 38. Rce1 Qd7 39. Bxe4 Qxd4+ 40. Kh2 Rxe4
41. Rxe4 Qxe4 42. Qxe4 Nxe4 43. Ra1 Ra8 44. Ra4 Nd6 45. Nd3 Nf5 46. h5 gxh5 47.
Nc5 Ne3 48. Rxa6 Rxa6 49. Nxa6 Kg7 50. Kg3 Kf6 51. Nb8 Nf5+ 52. Kf4 Ne7 53. Nd7+
Ke6 54. Nc5+ Kd5 55. Nd7 Ng6+ 56. Ke3 Kc4 57. g3 Kb3 58. Nf6 Kxb2 59. Kd4 h4 60.
gxh4 Nxh4 61. Kc5 Kc3 62. Kxc6 Kd4 63. Kd6 Nf5+ 64. Kd7 Ke5 65. Ng4+ Kf4 66. Nf6
Kg5 67. Ne4+ Kg6 68. Kc6 h5 69. Kd5 f6 70. Nf2 Ng3 71. Kd4 Kg5 72. Ke3 f5 73.
Kf3 Ne4 74. Nh3+ Kh4 75. Nf4 Ng5+ 76. Kg2 Kg4 77. Nd5 h4 78. Ne3+ Kf4 79. Nd5+
Ke5 80. Ne3 f4 81. Ng4+ Kf5 82. Nf2 f3+ 83. Kh2 Kf4 84. Kg1 Ke3 85. Kf1 Ne4 86.
Ng4+ Kf4 87. Nh2 Kg3 88. Kg1 Kf4 89. Kf1 Kg3 90. Kg1 f2+ 91. Kh1 Kh3 92. Nf1 Kg4
93. Kg2 Kf4 94. Kh3 Kf3 95. Kxh4 Ke2 96. Nh2 Nd2 97. Kh3 Nf3 0-1

[Event "PRO League Group Stage"]
[Site "chess.com INT"]
[Date "2017.02.22"]
[Round "7"]
[White "Tan, Justin2"]
[Black "Souleidis, Georgios"]
[Result "1-0"]
[WhiteTitle "IM"]
[BlackTitle "IM"]
[WhiteElo "2451"]
[BlackElo "2401"]
[WhiteTeam "London Lions"]
[BlackTeam "Hamburg Swashbucklers"]
[WhiteFideId "3206882"]
[BlackFideId "4206827"]
[EventDate "2017.01.11"]

1. e4 c5 2. Nf3 Nc6 3. Bb5 d6 4. O-O Bd7 5. Re1 Nf6 6. c3 a6 7. Bc4 b5 8. Bf1
Bg4 9. h3 Bxf3 10. Qxf3 e6 11. a4 b4 12. d3 Be7 13. Bf4 O-O 14. Nd2 bxc3 15.
bxc3 d5 16. e5 Nd7 17. Qg3 Kh8 18. Nf3 Rb8 19. h4 h6 20. h5 Qa5 21. Bd2 Rb2 22.
Qf4 Qc7 23. Qg3 Na5 24. Bf4 Rc2 25. Rec1 Rxc1 26. Rxc1 Nb3 27. Rb1 Rb8 28. c4 d4
29. Be2 Na5 30. Re1 Nc6 31. Bf1 Rb4 32. Nh2 Rxa4 33. Ng4 Bf8 34. Qf3 Nd8 35. Qa8
Qb8 36. Qe4 Qb7 37. Qe2 Rb4 38. Ra1 Rb1 39. Ra2 Kg8 40. Bd2 Nc6 41. g3 Rb2 42.
Ra1 Ncxe5 43. Nxe5 Nxe5 44. Bg2 Qb3 45. Qxe5 Rxd2 46. Rxa6 Qxd3 47. Ra8 Qf5 48.
Rxf8+ Kxf8 49. Qb8+ Ke7 50. Qc7+ Kf6 51. Qd8+ Ke5 52. f4+ Qxf4 53. Qc7+ 1-0

[Event "PRO League Group Stage"]
[Site "chess.com INT"]
[Date "2017.02.22"]
[Round "7"]
[White "Breckenridge, Steven James"]
[Black "Friedel, Joshua E"]
[Result "1/2-1/2"]
[WhiteTitle "FM"]
[BlackTitle "GM"]
[WhiteElo "2239"]
[BlackElo "2510"]
[WhiteTeam "Portland Rain"]
[BlackTeam "San Francisco Mechanics"]
[WhiteFideId "2043700"]
[BlackFideId "2017199"]
[EventDate "2017.01.11"]

1. e4 c6 2. d4 d5 3. Nc3 dxe4 4. Nxe4 Nd7 5. Ng5 Ngf6 6. Bd3 e6 7. N1f3 Bd6 8.
Qe2 h6 9. Ne4 Nxe4 10. Qxe4 Qc7 11. O-O b6 12. Qg4 Kf8 13. b3 Nf6 14. Qh4 Bb7
15. Bb2 Rd8 16. Rad1 Nd5 17. g3 Nb4 18. Be4 f5 19. Bd3 Be7 20. Qh5 Nxd3 21. Rxd3
Bf6 22. Re1 Qf7 23. Qxf7+ Kxf7 24. Ne5+ Bxe5 25. Rxe5 Rhe8 26. f3 Rd5 27. c4
Rxe5 28. dxe5 c5 1/2-1/2

[Event "PRO League Group Stage"]
[Site "chess.com INT"]
[Date "2017.02.22"]
[Round "7"]
[White "Troff, Kayden W"]
[Black "He, Anthony B"]
[Result "1-0"]
[WhiteTitle "GM"]
[WhiteElo "2511"]
[BlackElo "2183"]
[WhiteTeam "Las Vegas Desert Rats"]
[BlackTeam "Seattle Sluggers"]
[WhiteFideId "2047896"]
[BlackFideId "2088215"]
[EventDate "2017.01.11"]

1. d4 Nf6 2. c4 g6 3. Nc3 d5 4. Nf3 Bg7 5. cxd5 Nxd5 6. e4 Nxc3 7. bxc3 c5 8.
Be3 O-O 9. Be2 Qa5 10. O-O Rd8 11. Qb3 Qc7 12. Rfd1 Nc6 13. Rac1 Na5 14. Qc2 Bg4
15. d5 Bxf3 16. gxf3 Be5 17. h3 e6 18. c4 f5 19. Bg5 Re8 20. Qd2 Bd4 21. Kg2 b6
22. Bd3 fxe4 23. Bxe4 e5 24. d6 Qxd6 25. Bxa8 Rxa8 26. Qe2 Rf8 27. Bh4 Nc6 28.
Bg3 Qf6 29. Qe4 Kg7 30. Re1 Re8 31. f4 Re7 32. Rcd1 exf4 33. Qxf4 Qxf4 34. Rxe7+
Nxe7 35. Bxf4 Kf6 36. Kf3 Nc6 37. Ke4 Ke6 38. Be3 Bf6 39. f4 Na5 40. Rc1 Nc6 41.
Rc2 Nb4 42. Rf2 Nc6 43. Bd2 Ne7 44. Re2 Nf5 45. Kd3+ Kd7 46. Bc3 Bh4 47. Re5 Bg3
48. Rd5+ Ke6 49. Be5 h5 50. Bb8 a6 51. Ke4 Ne7 52. Rd6+ Kf7 53. Rxb6 g5 54. fxg5 1-0

[Event "PRO League Group Stage"]
[Site "chess.com INT"]
[Date "2017.02.22"]
[Round "7"]
[White "Kiewra, Keaton F"]
[Black "Stremavicius, Titas"]
[Result "0-1"]
[WhiteTitle "IM"]
[BlackTitle "IM"]
[WhiteElo "2429"]
[BlackElo "2468"]
[WhiteTeam "San Diego Surfers"]
[BlackTeam "Dallas Destiny"]
[WhiteFideId "2019280"]
[BlackFideId "12804444"]
[EventDate "2017.01.11"]

1. d4 f5 2. Nc3 Nf6 3. Bg5 d5 4. Nf3 Be6 5. e3 Nbd7 6. Bd3 g6 7. Ne2 Bg7 8. Nf4
Bf7 9. Rc1 c6 10. Bxf6 Bxf6 11. O-O e5 12. dxe5 Nxe5 13. Nxe5 Bxe5 14. Qe2 Qe7
15. c4 Bxf4 16. exf4 Qxe2 17. Bxe2 dxc4 18. Bxc4 Bxc4 19. Rxc4 O-O-O 20. Rc2
Rhe8 21. g3 Rd4 22. Kg2 Kc7 23. h4 h5 24. Rfc1 Kd6 25. Rc3 Re2 26. R1c2 Rxc2 27.
Rxc2 b5 28. Kf3 a5 29. Ke3 c5 30. f3 Ra4 31. Rd2+ Kc6 32. a3 b4 33. axb4 axb4
34. Kd3 Ra1 35. Re2 Kd6 36. g4 Rf1 37. Ke3 Rh1 38. gxf5 gxf5 39. Rg2 Rxh4 40.
Rg6+ Kd5 41. b3 Rh1 42. Rf6 h4 43. Rxf5+ Kd6 44. Rf6+ Kd7 45. Rh6 h3 46. Kf2 c4
47. bxc4 b3 48. Rb6 b2 49. Rxb2 Rh2+ 50. Kg3 Rxb2 51. Kxh3 Ke6 0-1

[Event "PRO League Group Stage"]
[Site "chess.com INT"]
[Date "2017.02.22"]
[Round "7"]
[White "Viswanadha, Kesav"]
[Black "Rosenthal, Nicholas"]
[Result "1/2-1/2"]
[WhiteTitle "IM"]
[WhiteElo "2372"]
[BlackElo "2156"]
[WhiteTeam "San Jose Hackers"]
[BlackTeam "St Louis Arch Bishops"]
[WhiteFideId "2059533"]
[BlackFideId "2045150"]
[EventDate "2017.01.11"]

1. e4 e6 2. d4 d5 3. Nc3 Nf6 4. Bg5 dxe4 5. Nxe4 Nbd7 6. Nxf6+ Nxf6 7. Bd3 Be7
8. Nf3 O-O 9. Qe2 Nd5 10. Bd2 Bd6 11. g3 b6 12. Ng5 h6 13. Ne4 Be7 14. O-O-O Bb7
15. f3 a5 16. c3 a4 17. h4 a3 18. b3 c5 19. dxc5 bxc5 20. Bc2 Qc7 21. g4 Ba6 22.
Qf2 Rfd8 23. f4 f5 24. gxf5 exf5 25. Ng3 Bf6 26. Qf3 Bb7 27. Nh5 Kh8 28. Qh3 Qf7
29. Qxf5 g6 30. Qxg6 Qxg6 31. Bxg6 Bxc3 32. Be4 Bb2+ 33. Kb1 Kg8 34. Rhg1+ Kf8
35. Ng3 Rab8 36. Ba5 Rd7 37. Bf5 Re7 38. Bd3 Ne3 39. Rde1 Bd4 40. Ne2 Bf6 41.
Bc3 Bxc3 42. Nxc3 c4 43. Bc2 Bf3 44. Rg3 Nd5 45. Rxe7 Nxc3+ 46. Ka1 Kxe7 47.
Rxf3 Nd5 48. bxc4 Nb4 49. Bb3 Rg8 50. Rf1 Rg4 51. f5 Kf6 52. c5 Rxh4 53. Be6 Rh2
54. Bb3 Re2 55. Rc1 Kxf5 56. Kb1 Rb2+ 57. Ka1 Rg2 58. Kb1 Rb2+ 59. Ka1 Rd2 60.
Kb1 Rd7 61. c6 Rc7 62. Rc5+ Kf6 63. Rc4 Nd5 64. Rd4 Ne7 65. Rd6+ Ke5 66. Re6+
Kd4 67. Rxh6 Nxc6 68. Rh4+ Kc5 69. Rc4+ Kb6 70. Rc3 Nd4 71. Rd3 Nb5 72. Rh3 Rc6
73. Rh1 Nc3+ 74. Ka1 Rd6 75. Re1 Kc5 76. Rc1 Kb4 77. Re1 Rd4 78. Rc1 Rf4 79. Re1
Rf2 80. Rc1 Rb2 81. Rh1 Re2 82. Rh4+ Re4 83. Rxe4+ Nxe4 84. Bc2 Nd2 85. Bd3 Kc3
86. Bf5 Nc4 87. Be6 Nb2 88. Bb3 Kd2 89. Be6 Kc1 90. Bb3 Nd3 91. Ba4 Nc5 92. Bb5
Ne4 93. Ba4 Nd2 94. Bc2 Kxc2 1/2-1/2

[Event "PRO League Group Stage"]
[Site "chess.com INT"]
[Date "2017.02.22"]
[Round "7"]
[White "Kantans, Toms"]
[Black "Colovic, Aleksandar"]
[Result "1/2-1/2"]
[WhiteTitle "IM"]
[BlackTitle "GM"]
[WhiteElo "2456"]
[BlackElo "2443"]
[WhiteTeam "Riga Magicians"]
[BlackTeam "Belgrade Sparrows"]
[WhiteFideId "11602945"]
[BlackFideId "15000729"]
[EventDate "2017.01.11"]

1. e4 d6 2. d4 Nf6 3. Nc3 e5 4. Nf3 Nbd7 5. Bc4 Be7 6. O-O Nb6 7. Be2 exd4 8.
Nxd4 O-O 9. a4 a5 10. f4 Re8 11. Bf3 Bf8 12. Re1 c6 13. b3 Nbd7 14. Be3 g6 15.
Bf2 Qc7 16. h3 Nc5 17. Qd2 Nfd7 18. Rad1 Qb6 19. g4 Qb4 20. Kg2 Bg7 21. Nde2 Bf8
22. h4 Nf6 23. Bxc5 Qxc5 24. g5 Ng4 25. Ng3 Bg7 26. Nb1 d5 27. e5 h5 28. gxh6
Nxh6 29. h5 Nf5 30. hxg6 fxg6 31. Nxf5 Bxf5 32. Re2 Kf7 33. Qd4 Qxd4 34. Rxd4
Rh8 35. Rd1 Rh4 36. e6+ Ke7 37. c4 Rah8 38. cxd5 Rh2+ 39. Kg1 Rxe2 40. Bxe2 cxd5
41. Na3 Kxe6 42. Nb5 Be4 43. Bg4+ Ke7 44. Nc7 Rh1+ 45. Kf2 Rxd1 46. Bxd1 Bd4+
47. Kg3 Bb6 48. Nb5 d4 49. Bf3 Bc6 50. Na3 Kd6 51. Bxc6 Kxc6 52. Kf3 Kc5 53. Nc4
Bc7 54. Ke4 Kb4 55. Ne5 Kxb3 56. Nxg6 Kc3 57. Ne7 Bxf4 58. Nd5+ Kb3 59. Nxf4
Kxa4 60. Kxd4 Kb3 61. Nd3 b5 62. Kc5 b4 63. Kb5 a4 64. Nxb4 a3 65. Kc5 a2 66.
Nxa2 1/2-1/2

[Event "PRO League Group Stage"]
[Site "chess.com INT"]
[Date "2017.02.22"]
[Round "7"]
[White "Kantans, Toms"]
[Black "Tadic, Branko"]
[Result "1-0"]
[WhiteTitle "IM"]
[BlackTitle "GM"]
[WhiteElo "2456"]
[BlackElo "2472"]
[WhiteTeam "Riga Magicians"]
[BlackTeam "Belgrade Sparrows"]
[WhiteFideId "11602945"]
[BlackFideId "916412"]
[EventDate "2017.01.11"]

1. e4 d6 2. d4 Nf6 3. Nc3 e5 4. Nf3 Nbd7 5. Bc4 Be7 6. O-O O-O 7. Re1 a6 8. a4
h6 9. h3 Re8 10. Ba2 b6 11. Be3 Bb7 12. d5 c6 13. dxc6 Bxc6 14. Nd2 b5 15. axb5
axb5 16. b4 Qc7 17. Qe2 Qb7 18. Qd3 Nf8 19. Bb3 Ne6 20. Nd5 Bxd5 21. exd5 Nc7
22. Ra5 Rxa5 23. bxa5 Ra8 24. Ra1 Ncxd5 25. a6 Rxa6 26. Rxa6 Nxe3 27. fxe3 Qxa6
28. Ne4 Nxe4 29. Qxe4 Qa7 30. Kf2 Bg5 31. h4 Bd8 32. Qg4 Qc7 33. g3 Kf8 34. Qf3
g6 35. Qd5 Qd7 36. Qa8 Kg7 37. Kg2 Bb6 38. Qe4 h5 39. Qd3 Bc5 40. e4 Bd4 41. Qf1
f6 42. Qd3 Qc6 43. Bd5 Qc5 44. Qe2 f5 45. Bb3 Qc6 46. Bd5 Qc5 47. Bb3 Qc6 48.
Bd5 Qc3 49. exf5 Qa1 50. fxg6 Qg1+ 51. Kh3 Bf2 52. Bg2 Kxg6 53. Qxb5 Bc5 54.
Be4+ Kf6 55. Qe2 1-0

[Event "PRO League Group Stage"]
[Site "chess.com INT"]
[Date "2017.02.22"]
[Round "7"]
[White "Van Wely, Loek"]
[Black "Degraeve, Jean-Marc"]
[Result "1-0"]
[WhiteTitle "GM"]
[BlackTitle "GM"]
[WhiteElo "2695"]
[BlackElo "2591"]
[WhiteTeam "Amsterdam Mosquitos"]
[BlackTeam "Marseille Migraines"]
[WhiteFideId "1000268"]
[BlackFideId "600270"]
[EventDate "2017.01.11"]

1. d4 g6 2. c4 Bg7 3. Nf3 d6 4. e4 Bg4 5. Be2 Nc6 6. Be3 e5 7. d5 Bxf3 8. Bxf3
Nd4 9. Bxd4 exd4 10. O-O Ne7 11. Na3 c5 12. Nc2 O-O 13. Ne1 a6 14. Be2 Rb8 15.
a4 Nc8 16. a5 Re8 17. Qc2 Qe7 18. Bd3 Qc7 19. Nf3 b5 20. axb6 Rxb6 21. Ra3 Qb7
22. b3 Ne7 23. Qd1 Kf8 24. Nd2 Ng8 25. f4 Nf6 26. Qf3 Kg8 27. Raa1 Qc7 28. h3
Qe7 29. Rfe1 Nd7 30. g3 Qd8 31. Kg2 Kh8 32. Ra2 Kg8 33. Re2 Qc7 34. Bc2 Qd8 35.
Qd3 Qc7 36. Nf3 Qb8 37. Ra1 Qc7 38. Ra2 Qb8 39. Ne1 Qd8 40. Qf3 h5 41. Nd3 h4
42. Ra1 hxg3 43. Rf1 Rb7 44. Qxg3 a5 45. e5 dxe5 46. fxe5 Nxe5 47. Rxe5 Bxe5 48.
Nxe5 Qd6 49. Nd3 Re2+ 50. Rf2 Rxf2+ 51. Nxf2 Qd8 52. h4 Re7 53. h5 Re5 54. Qxe5 1-0

[Event "PRO League Group Stage"]
[Site "chess.com INT"]
[Date "2017.02.22"]
[Round "7"]
[White "Ladokun, Kolawole Akinyemi"]
[Black "Jonsson, Gauti Pall"]
[Result "0-1"]
[WhiteElo "1934"]
[BlackElo "2036"]
[WhiteTeam "Lagos Leatherbacks"]
[BlackTeam "Reykjavik Puffins"]
[WhiteFideId "8501467"]
[BlackFideId "2309092"]
[EventDate "2017.01.11"]

1. d4 e6 2. Nf3 f5 3. Bf4 Nf6 4. e3 b6 5. Bd3 Bb7 6. Nbd2 Be7 7. O-O O-O 8. h3
Ne4 9. c3 d6 10. Qc2 Nxd2 11. Nxd2 Nd7 12. e4 e5 13. Bh2 f4 14. dxe5 Nxe5 15.
Rad1 Qe8 16. Be2 Qg6 17. Kh1 d5 18. Qb3 Rad8 19. Bf3 Nd7 20. exd5 Nc5 21. Qa3
Bxd5 22. Bxd5+ Rxd5 23. Nf3 Rxd1 24. Rxd1 Qc2 25. Re1 Bd6 26. b4 Nd3 27. Rf1
Nxf2+ 28. Kg1 Ne4 29. Qxa7 Qxc3 30. a3 Qe3+ 31. Kh1 Nf2+ 32. Rxf2 Qxf2 33. Qb7
Re8 34. Qd5+ Kh8 35. Bg1 Qe2 36. Ng5 h6 37. Nf7+ Kh7 38. Qf5+ g6 39. Qg4 Qxg4
40. hxg4 Re1 41. Nxd6 cxd6 42. Kh2 Ra1 43. Bxb6 Rxa3 44. Bc7 Rb3 45. Bxd6 g5 46.
Bc5 Kg6 47. Be7 h5 48. gxh5+ Kxh5 49. Bd6 Kg4 50. Be7 Rb2 51. Bd6 f3 52. b5
Rxg2+ 53. Kh1 Rb2 0-1

[Event "PRO League Group Stage"]
[Site "chess.com INT"]
[Date "2017.02.22"]
[Round "7"]
[White "Stremavicius, Titas"]
[Black "Khachiyan, Melikset"]
[Result "1/2-1/2"]
[WhiteTitle "IM"]
[BlackTitle "GM"]
[WhiteElo "2468"]
[BlackElo "2530"]
[WhiteTeam "Dallas Destiny"]
[BlackTeam "San Diego Surfers"]
[WhiteFideId "12804444"]
[BlackFideId "13300512"]
[EventDate "2017.01.11"]

1. c4 e5 2. Nc3 Nf6 3. Nf3 Nc6 4. e3 Bb4 5. Qc2 O-O 6. Nd5 a5 7. a3 Bc5 8. Ng5
g6 9. Nxf6+ Qxf6 10. Ne4 Qe7 11. Nxc5 Qxc5 12. Qc3 d5 13. b4 Qd6 14. b5 d4 15.
Qc2 Nd8 16. c5 Qf6 17. Bc4 Ne6 18. O-O Nxc5 19. Bxf7+ Rxf7 20. Qxc5 Bf5 21. exd4
exd4 22. Bb2 Rd8 23. f3 Bd3 24. Rfe1 b6 25. Qe5 a4 26. Rac1 Qxe5 27. Rxe5 Rfd7
28. h4 Kf7 29. Rc6 Re8 30. Rxe8 Kxe8 31. Re6+ Kf7 32. Re5 Kf6 33. f4 h5 34. Kf2
Bc4 35. Re4 Kf5 36. Rxd4 Rxd4 37. Bxd4 Kxf4 38. Bf6 Bxb5 39. Bd8 c5 40. Bxb6 c4
41. Bd4 Ke4 42. Bc3 1/2-1/2

[Event "PRO League Group Stage"]
[Site "chess.com INT"]
[Date "2017.02.22"]
[Round "7"]
[White "Kim, Kristina"]
[Black "Oberholzer, Francois"]
[Result "1-0"]
[BlackTitle "FM"]
[WhiteElo "1875"]
[BlackElo "2034"]
[WhiteTeam "Shymkent Nomads"]
[BlackTeam "Johannesburg Koeksisters"]
[WhiteFideId "13712438"]
[BlackFideId "14302250"]
[EventDate "2017.01.11"]

1. d4 Nf6 2. c4 c5 3. d5 b5 4. cxb5 a6 5. bxa6 g6 6. Nc3 Bxa6 7. e4 Qa5 8. Bxa6
Nxa6 9. f3 d6 10. Ne2 Bg7 11. O-O O-O 12. Be3 Rfb8 13. Rb1 Nd7 14. Bg5 Kf8 15.
Qd2 Nb6 16. b3 c4 17. Be3 Nb4 18. Bd4 Nxa2 19. Bxg7+ Kxg7 20. Qd4+ f6 21. bxc4
Nb4 22. Nf4 Nc2 23. Ne6+ Kg8 24. Qd2 Na3 25. Qh6 Kf7 26. Qxh7+ Ke8 27. Qxg6+ Kd7
28. Rbc1 Nbxc4 29. Ne2 Rg8 30. Qf5 Rxg2+ 31. Kh1 Rxe2 32. Nd4+ Kc7 33. Nxe2 Qd2
34. Rf2 Nc2 35. e5 Ra2 36. exd6+ Nxd6 37. Qf4 Qa5 38. Nd4 Kd7 39. Rfxc2 Rxc2 40.
Rxc2 Qxd5 41. Kg2 e5 42. Qg4+ f5 43. Qg7+ Nf7 44. Nxf5 e4 45. Qg4 Qd1 46. Ne3+ 1-0

[Event "PRO League Group Stage"]
[Site "chess.com INT"]
[Date "2017.02.22"]
[Round "7"]
[White "Kim, Kristina"]
[Black "Makoto, Rodwell"]
[Result "0-1"]
[BlackTitle "IM"]
[WhiteElo "1875"]
[BlackElo "2403"]
[WhiteTeam "Shymkent Nomads"]
[BlackTeam "Johannesburg Koeksisters"]
[WhiteFideId "13712438"]
[BlackFideId "11000120"]
[EventDate "2017.01.11"]

1. d4 Nf6 2. c4 e6 3. Nf3 d5 4. g3 Be7 5. Bg2 O-O 6. O-O dxc4 7. Qc2 b5 8. a4 b4
9. Nfd2 c6 10. Nxc4 Qxd4 11. Rd1 Qc5 12. Be3 Qh5 13. Nbd2 Ba6 14. Bf3 Ng4 15.
Bxg4 Qxg4 16. f3 Qg6 17. Ne4 h5 18. Rac1 Rc8 19. Bc5 Bxc5+ 20. Nxc5 Qxc2 21.
Rxc2 Bxc4 22. Rxc4 a5 23. Rd6 Kf8 24. e4 Ke7 25. Rcd4 Ra7 26. Kf2 Rcc7 27. Ke3
Na6 28. Nb3 Nb8 29. Nc5 e5 30. Rd1 Nd7 31. Nb3 c5 32. f4 exf4+ 33. gxf4 c4 34.
Nc1 c3 35. bxc3 Rxc3+ 36. R6d3 Rac7 37. Ne2 Rxd3+ 38. Rxd3 Nb6 39. Ng3 g6 40. f5
Nxa4 41. fxg6 fxg6 42. Ne2 Nb2 43. Rd5 a4 44. Rb5 a3 45. Nd4 Rc3+ 46. Ke2 a2 47.
Ra5 b3 48. Nxb3 Rxb3 49. Rxa2 Rh3 0-1

[Event "PRO League Group Stage"]
[Site "chess.com INT"]
[Date "2017.02.22"]
[Round "7"]
[White "Raptis, Nick"]
[Black "Stearman, Josiah P"]
[Result "1-0"]
[WhiteTitle "FM"]
[BlackTitle "FM"]
[WhiteElo "2262"]
[BlackElo "2150"]
[WhiteTeam "Portland Rain"]
[BlackTeam "San Francisco Mechanics"]
[WhiteFideId "2016850"]
[BlackFideId "2062496"]
[EventDate "2017.01.11"]

1. d4 d5 2. Nc3 c6 3. e4 dxe4 4. Nxe4 Nd7 5. Ng5 Ngf6 6. Bd3 e6 7. Qe2 Be7 8.
N1f3 h6 9. Nxe6 fxe6 10. Bg6+ Kf8 11. Qxe6 Qa5+ 12. Bd2 Qd5 13. Qe2 Nb6 14. Ne5
Be6 15. O-O Nbd7 16. c4 Qxd4 17. Bc3 Qh4 18. Nxd7+ Bxd7 19. Rfe1 Bd6 20. Be5 Bc5
21. Rad1 Bg4 22. Qd2 Qxf2+ 23. Qxf2 Bxf2+ 24. Kxf2 Bxd1 25. Bd6+ Kg8 26. Rxd1 h5
27. Bf4 h4 28. Re1 Rf8 29. Kg1 Nd7 30. Bg5 Nb6 31. b3 Nc8 32. c5 b6 33. b4 a5
34. bxa5 bxc5 35. a6 c4 36. Re6 Na7 37. Re7 Nb5 38. a7 c3 39. Rb7 c2 40. Bxc2
Rh5 41. Be7 Rc8 42. a4 Nxa7 43. Rxa7 c5 44. a5 c4 45. a6 Ra5 46. h3 Rc6 47. Be4
Rcxa6 48. Rxa6 Rxa6 49. Bd5+ Kh7 50. Bxc4 Ra4 51. Bb3 Rd4 52. Bc5 Rd7 53. Bc2+
Kh6 54. Be3+ g5 55. Kf2 Rf7+ 56. Ke2 Kh5 57. Kd3 Rd7+ 58. Bd4 Kh6 59. Bd1 Rb7
60. Ke4 Re7+ 61. Be5 Kg6 62. Bg4 Ra7 63. Bf5+ Kh5 64. Bd4 Ra2 65. Bg4+ Kg6 66.
Bf3 Ra8 67. Be5 Ra4+ 68. Kd5 Ra5+ 69. Ke6 Ra6+ 70. Bd6 Ra1 71. Be4+ Kh5 72. Kf6
Ra6 73. Ke5 Rxd6 74. Bf3+ g4 75. Bxg4+ Kg5 76. Kxd6 Kf4 77. Bf3 Kg3 78. Ke6 1-0

[Event "PRO League Group Stage"]
[Site "chess.com INT"]
[Date "2017.02.22"]
[Round "7"]
[White "Raptis, Nick"]
[Black "Taghizadeh, Rayan"]
[Result "1-0"]
[WhiteTitle "FM"]
[BlackTitle "FM"]
[WhiteElo "2262"]
[BlackElo "2317"]
[WhiteTeam "Portland Rain"]
[BlackTeam "San Francisco Mechanics"]
[WhiteFideId "2016850"]
[BlackFideId "2054019"]
[EventDate "2017.01.11"]

1. Nf3 Nf6 2. d4 e6 3. g3 b6 4. Bg2 Bb7 5. O-O Be7 6. c4 O-O 7. Nc3 Ne4 8. Nxe4
Bxe4 9. Ne5 Bxg2 10. Kxg2 d6 11. Nf3 Nd7 12. e4 Bf6 13. b3 e5 14. d5 g6 15. h4
a5 16. h5 Nc5 17. Qe2 Bg7 18. Ba3 Nd7 19. Rh1 f5 20. hxg6 hxg6 21. Rh4 Qf6 22.
Rah1 Nc5 23. Bxc5 bxc5 24. exf5 Qxf5 25. a4 Rae8 26. Nd2 Bf6 27. Rg4 Kg7 28. Ne4
Rh8 29. Nxf6 Qxf6 30. Rgh4 Rxh4 31. Rxh4 Qf5 32. Qd2 g5 33. Rh1 Rf8 34. Qe3 Kg6
35. Re1 Rb8 36. Qc3 Rh8 37. Kg1 Qh3 38. Qd3+ Kg7 39. Qe4 Qh2+ 40. Kf1 Rf8 41.
Qg2 Qh7 42. Qe4 Qh3+ 43. Qg2 Qf5 44. Kg1 Rb8 45. Re3 Qb1+ 46. Qf1 Rxb3 47. Rxb3
Qxb3 48. Qh3 Qb1+ 49. Kg2 Qe4+ 50. Kg1 Qg6 51. Qd7+ Kh6 52. Qb5 Qe4 53. Qxa5
Qxc4 54. Qxc7 Qxd5 55. a5 Qd1+ 56. Kg2 Qd5+ 57. Kg1 Kh5 58. a6 Qd1+ 59. Kg2 Qd5+
60. Kg1 Qd1+ 61. Kg2 Qd5+ 62. Kh2 Kg6 63. a7 c4 64. Qb8 Qd4 65. a8=Q Qxf2+ 66.
Qg2 Qf6 67. Qg8+ Kf5 68. Qf3# 1-0

[Event "PRO League Group Stage"]
[Site "chess.com INT"]
[Date "2017.02.22"]
[Round "7"]
[White "Della Morte, German"]
[Black "Sambuev, Bator"]
[Result "0-1"]
[WhiteTitle "IM"]
[BlackTitle "GM"]
[WhiteElo "2375"]
[BlackElo "2539"]
[WhiteTeam "Buenos Aires Krakens"]
[BlackTeam "Toronto Dragons"]
[WhiteFideId "113522"]
[BlackFideId "4128290"]
[EventDate "2017.01.11"]

1. e4 e5 2. Nf3 d6 3. d4 Nf6 4. Nc3 Nbd7 5. Bc4 Be7 6. O-O O-O 7. Re1 c6 8. a4
a5 9. h3 Re8 10. Be3 h6 11. Ba2 Qc7 12. Qd2 Nf8 13. Rad1 Be6 14. Bxe6 Nxe6 15.
d5 Nf8 16. Rc1 N8d7 17. Red1 Bf8 18. Qe2 Rec8 19. Nd2 cxd5 20. exd5 Nc5 21. b3
Nfd7 22. Nb5 Qd8 23. Nc4 Nb6 24. Nxb6 Qxb6 25. Kh1 Qd8 26. Qg4 g6 27. f4 h5 28.
Qf3 Bg7 29. f5 Qf6 30. Rf1 h4 31. fxg6 Qxg6 32. Nxd6 Qxd6 33. Qxf7+ Kh8 34. Rf5
Rf8 35. Rh5+ Bh6 36. Bxh6 Rxf7 37. Bf8+ Rh7 38. Rxh7+ Kxh7 39. Bxd6 Nd7 40. Re1
Re8 41. Re4 Kg6 42. Rxh4 Nf6 43. Kg1 Nxd5 44. Re4 Kf5 45. Re1 e4 46. g4+ Kg5 47.
Kg2 Re6 48. Bg3 Nb4 49. Re2 Nc6 50. Bf2 Nb4 51. Kg3 Nd5 52. h4+ Kf6 53. Bd4+ Kg6
54. h5+ Kg5 55. Bb2 e3 56. Bc1 Re4 57. Kh3 Nf4+ 58. Kg3 Nxe2+ 0-1

[Event "PRO League Group Stage"]
[Site "chess.com INT"]
[Date "2017.02.22"]
[Round "7"]
[White "Sambuev, Bator"]
[Black "Mareco, Sandro"]
[Result "1/2-1/2"]
[WhiteTitle "GM"]
[BlackTitle "GM"]
[WhiteElo "2539"]
[BlackElo "2645"]
[WhiteTeam "Toronto Dragons"]
[BlackTeam "Buenos Aires Krakens"]
[WhiteFideId "4128290"]
[BlackFideId "112275"]
[EventDate "2017.01.11"]

1. d4 Nf6 2. Nf3 e6 3. e3 c5 4. Bd3 Nc6 5. O-O d5 6. b3 Bd6 7. Bb2 O-O 8. a3 b6
9. Nbd2 Bb7 10. Qe2 Rc8 11. Ne5 Ne7 12. dxc5 bxc5 13. c4 Qc7 14. f4 Nf5 15. cxd5
Nxd5 16. Ndc4 Nf6 17. e4 Nd4 18. Bxd4 cxd4 19. Rac1 Be7 20. Rc2 Qb8 21. b4 Qa8
22. Re1 Rc7 23. Na5 Rfc8 24. Rc4 Rxc4 25. Nexc4 g6 26. b5 Nd7 27. Nxb7 Qxb7 28.
a4 Qc7 29. Rc1 Qxf4 30. Rc2 Bd8 31. g3 Qb8 32. Qf2 Nc5 33. Qxd4 Nxa4 34. Kg2
Qxb5 35. Nd2 Qb7 36. Rxc8 Qxc8 37. Qxa4 Bb6 38. Nf3 Qc5 39. Qc2 Qe3 40. h4 h5
41. e5 Kg7 42. Qe2 Qc1 43. Qe4 a5 44. Bc2 Be3 45. Ba4 Bb6 46. Qc2 Qe3 47. Bc6
Bc5 48. Qd2 Qa3 49. Qf4 Qb2+ 50. Kh3 Qf2 51. Ng5 Qxf4 52. gxf4 Kf8 53. Kg3 Ke7
54. Kf3 Bb4 55. Ke4 Be1 56. Nf3 Bg3 57. Ke3 Kf8 58. Ba4 Ke7 59. Bc2 Kf8 60. Ba4
Kg7 61. Bb3 Kf8 62. Bc2 Kg7 63. Ba4 Kf8 64. Ke4 Kg7 65. Ke3 Kf8 66. Ke4 Kg7 67.
Ke3 Kf8 68. Ke4 Kg7 1/2-1/2